00812nam a2200193 a 450000100100000000500170001000800410002704000130006808200100008110000290009124500540012026000510017430000210022504900090024695201090025595201150036495201240047999900150060300000560020200929151724.0090820s1971 dr 000 0 spa d aDO-SdBNP bW644e1 aWindt, César de91580910aÉtica y cortesía militar /cCésar de Windt. aSanto Domingo :bLibrería Dominicana,c1971. a342 p. ;c21 cm. aBNPD 0010718PDaPDbPDcCTd2009-08-20iLF1l0o W644ep5600-10r2020-06-25w2020-06-25yLFPDZNo se presta 0010718PDaPDbPDcCTd2009-09-03iLF1l0o W644ep5600-30r2020-06-25te. 2w2020-06-25yLFPDZNo se presta 001054708DSaPDbPDcCTd2009-09-10iLF1l0o W644ep5600-40r2020-06-25te. 3w2020-06-25yLFDSZPréstamo en sala c5399d5399